Relación valorada de los trabajos ejecutados, semillas empleadas y material adquirido para la repoblación del primer perímetro de la primera porción de la Sección primera durante la campaña que comprende los meses de mayo á octubre inclusives de 1894 / (Registro nro. 153209)

Detalles MARC
000 -LEADER
campo de control de longitud fija 00984nam a22001935i 4500
001 - NÚMERO DE CONTROL
campo de control 153209
003 - IDENTIFICADOR DE NÚMERO DE CONTROL
campo de control ES-MaACL
005 - FECHA Y HORA DE LA ÚLTIMA TRANSACCIÓN
campo de control 20230906205055.0
008 - DATOS DE LONGITUD FIJA--INFORMACIÓN GENERAL
campo de control de longitud fija 040719s1895 sp |||| | spa d
040 ## - FUENTE DE CATALOGACIÓN
Centro catalogador/agencia de origen CAM
Lengua de catalogación spa
Centro/agencia transcriptor CAM
110 2# - ENTRADA PRINCIPAL--NOMBRE DE ENTIDAD CORPORATIVA
Nombre de entidad corporativa o nombre de jurisdicción como elemento de entrada Comisión de repoblación de la Cuenca del Lozoya.
9 (RLIN) 134281
245 10 - MENCIÓN DEL TÍTULO
Título Relación valorada de los trabajos ejecutados, semillas empleadas y material adquirido para la repoblación del primer perímetro de la primera porción de la Sección primera durante la campaña que comprende los meses de mayo á octubre inclusives de 1894 /
Mención de responsabilidad, etc. Comisión de repoblación de la Cuenca del Lozoya.
260 ## - PUBLICACIÓN, DISTRIBUCIÓN, ETC.
Lugar de publicación, distribución, etc. Madrid :
Nombre del editor, distribuidor, etc. [s.n.],
Fecha de publicación, distribución, etc. 1895 (
Fabricante Imprenta de Ricardo Rojas)
300 ## - DESCRIPCIÓN FÍSICA
Extensión 27 p. ;
Dimensiones 23 cm.
594 ## - Nota al título y mención de responsabilidad
Nota al título y mención de responsabilidad Memoria firmada por Luis Heraso.
650 #4 - PUNTO DE ACCESO ADICIONAL DE MATERIA--TÉRMINO DE MATERIA
Término de materia o nombre geográfico como elemento de entrada Repoblación forestal-
Subdivisión geográfica Lozoya (España, Valle)
9 (RLIN) 152114
700 11 - ENTRADA AGREGADA--NOMBRE PERSONAL
Nombre de persona Heraso, Luis.
9 (RLIN) 127866
852 ## - LOCALIZACIÓN
Ubicación ES-MaACL
Número de control de estantería G-9538
Nota libre -- Enc. hol., falto de la cub. original
-- -- Enc. en un vol. facticio
Existencias
Estatus retirado Estado de pérdida Estado de daño No para préstamo Colección Biblioteca de origen Biblioteca actual Ubicación en estantería Fecha de adquisición Fuente de adquisición Total de préstamos Signatura topográfica completa Código de barras Visto por última vez Precio de reemplazo Tipo de ítem Koha
        Libros del s. XIX Biblioteca del Ateneo de Madrid Biblioteca del Ateneo de Madrid Sala Pecera Planta 3 17/01/2008     G-9538 1160094 23/02/2023 23/02/2023 Libro impreso antiguo